| 000 | 00590nam a22001937a 4500 | ||
|---|---|---|---|
| 003 | OSt | ||
| 005 | 20140310182933.0 | ||
| 008 | 130131t xxu||||| |||| 00| 0 eng d | ||
| 050 |
_aDS 686.614 _b.Ad221 2010 |
||
| 082 |
_aFIL 320.9599 _bA221 2010 |
||
| 245 |
_aBeginning, hope and change _bImpressions on President Noy Aquino and his first one hundred days _cAdaza, Homobono A. |
||
| 260 |
_aQuezon City _bAliance for Democratic Action _c2010 |
||
| 300 |
_a198 p. _c24 cm. |
||
| 521 | _aCollege | ||
| 526 | _c1210L-1700L | ||
| 541 | _j1 | ||
| 562 | _e1 | ||
| 942 |
_2lcc _cBK _kFIL |
||
| 999 |
_c17565 _d17565 |
||